000 00588nam a22002057a 4500
003 BD-DhJNU
005 20251019084111.0
008 251019b |||||||| |||| 00| 0 eng d
020 _a9780521340502
020 _a9780521091909
040 _aBD-DhJNU
_bENG
_cBD-DhJNU
_dBD-DhJNU
082 _223
_a517.38
100 _aCorduneanu, C.
245 _aIntegral equations and applications /
_cC. Corduneanu
260 _aCambridge :
_bCambridge University Press,
_c2008.
300 _aix, 366 p. :
_c24 cm.
504 _aincludes index
650 _aIntegral equations
942 _2ddc
_cBK
_n0
999 _c2286
_d2286